Easy DOS

Bibliographic Details
Main Author: OHARA, Shelley
Format: Book
Published: Indiana : Que , 1992
Subjects:

MARC

LEADER 00000cam a2200000 7i4500
001 0000000384
002 000000460
005 20000330.0
020 |a 0880228547 
090 0 0 |a 005.43   |b OHA 
100 1 |a OHARA, Shelley 
245 1 0 |a Easy DOS   |c Shelley O'hara 
260 |a Indiana :   |b Que ,   |c 1992 
300 |a 198p ;   |c 23cm. 
650 0 0 |a DOS [Computer system] 
999 |a 029578   |b BUKU   |c PINJAMAN   |e PERPUSTAKAAN KOMUNITI PETALING JAYA